Health Psychology / Biopsychosocial Interactions: Third Edition (Record no. 68)
[ view plain ]
| 000 -LEADER | |
|---|---|
| fixed length control field | 01648cam a22002054a 4500 |
| 005 - ΗΜΕΡΟΜΗΝΙΑ ΚΑΙ ΩΡΑ ΤΕΛΕΥΤΑΙΑΣ ΕΝΗΜΕΡΩΣΗΣ | |
| Πεδίο ελέγχου | 20250605163922.0 |
| 008 - FIXED-LENGTH DATA ELEMENTS--GENERAL INFORMATION | |
| Πεδίο ελέγχου σταθερού μήκους | 250528s ||||||||||||||||||||||||d |
| 035 ## - SYSTEM CONTROL NUMBER | |
| System control number | 14435 |
| 020 ## - ISBN | |
| ISBN | 47116917 |
| 040 ## - ΠΗΓΗ ΚΑΤΑΛΟΓΟΓΡΑΦΗΣΗΣ | |
| Φορέας πρωτότυπης καταλογογράφησης | MC Athens Campus Library |
| Γλώσσα καταλογογράφησης | Ελληνικά, Μοντέρνα (1453-) |
| Modifying agency | MC Athens Campus Library |
| Κανόνες περιγραφικής καταλογογράφησης | AACR2 |
| 245 1# - ΤΙΤΛΟΣ ΚΑΙ ΔΗΛΩΣΗ ΥΠΕΥΘΥΝΟΤΗΤΑΣ | |
| Τίτλος | Health Psychology / Biopsychosocial Interactions: Third Edition |
| 250 ## - EDITION STATEMENT | |
| Edition statement | 3rd |
| 260 ## - PUBLICATION, DISTRIBUTION, ETC. | |
| Name of publisher, distributor, etc. | John Wiley And Sons, Inc, |
| Date of publication, distribution, etc. | 1997 |
| 300 ## - PHYSICAL DESCRIPTION | |
| Extent | 588 |
| 520 ## - SUMMARY, ETC. | |
| Summary, etc. | This book describes how psychology and health are interconnected using the biopsychosocial model to synthesize all the information together into a straightforward text. An Introduction: Basic Issues and Processes, An Overview of Psychology and Health, The Body's Physical Systems, Stress and Illness and Coping, Stress - Its Meaning and Impact and Sources, Stress and Biopsychosocial Factors and Illness, Coping with and Reducing Stress, Lifestyles to Enhance Health and Prevent Illness, Health-Related Behavior and Health Promotion, Substance Use and Abuse, Nutrition and Wight Control and Diet and Exercise and Safety, Becoming Ill and Getting Medical Treatment, Using Health Services, In the Hospital: The Setting and Procedures and Effects on Patients, Physical Symptoms: Pain and Discomfort, The Nature and Symptoms of Pain, Managing and Controlling Clinical Pain, Chronic and Life-Threatening Health Problems, Serious and Disabling Chronic Illnesses: Causes and Management and Coping, Heart Diseases and Stroke and Cancer and Aids: Causes and Management and Coping, Looking to the Future, What's Ahead for Health Psychology?. |
| 700 1# - ΠΡΟΣΘΕΤΗ ΑΝΑΓΡΑΦΗ--ΦΥΣΙΚΟ ΠΡΟΣΩΠΟ | |
| Personal name | Sarafino Edward P |
| 9 (RLIN) | 93 |
| 942 ## - ADDED ENTRY ELEMENTS (KOHA) | |
| Koha item type | Books |
| Τύπος τεκμηρίου | Βιβλιοθήκη | Τρέχουσα τοποθεσία | Barcode | Αριθμός εισαγωγής | Ημερομηνία απόκτησης | Ταξιθετικό σύμβολο | Αριθμός αντιτύπου | Κατάσταση απόσυρσης | Κατάσταση χαμένου | Κατάσταση κατεστραμμένου | Μη δανεισμός | Σύνολο δανεισμών | Ημερομηνία τελευταίας εμφάνισης | Η τιμή ισχύει από |
|---|---|---|---|---|---|---|---|---|---|---|---|---|---|---|
| Books | MC Athens Campus Library | MC Athens Campus Library | 9780000000675 | 4545 | 05/06/2025 | 610/.1/9 SAR | 1 | 05/06/2025 | 05/06/2025 |